| 000 | 00977nam a2200229 a 4500 | ||
|---|---|---|---|
| 001 | 15251 | ||
| 003 | CO-ViMGA | ||
| 008 | 141112s2004 ck r 000 u spa d | ||
| 020 | _a9701018990 | ||
| 040 |
_aCO-ViMGA _bspa _cCO-ViMGA |
||
| 082 | 0 | 4 | _aMEVIECAR.42 H375m |
| 100 | 1 |
_aHernandez Sampieri, Roberto; Fernandez Collado, Carlos; Baptista Lucio, Pilar _922139 |
|
| 245 | 1 | 0 | _aMetodología de la investigación |
| 250 | _a2 | ||
| 260 |
_aMexico McGraw Hill, _c1991 |
||
| 300 | _a501.p. | ||
| 500 | _aContiene Diskette. | ||
| 505 | _aProyecto de investigación Planteamiento del problema Marco teórico Tipo de investigación Formulación de hipótesis Diseños experimentales de investigación Diseños no experimentales de investigación Cómo seleccionar una muestra Recolección de datos Análisis de datos Elaboración del reporte de investigación | ||
| 650 | 1 | 4 |
_aMETODOLOGIA - Investigación _922140 |
| 650 | 1 | 4 |
_aMETODOLOGIA CIENTIFICA _99176 |
| 942 |
_2ddc _cBK |
||
| 999 |
_c25616 _d25616 |
||